000 00795nam a2200265Ia 4500
003 OSt
005 20220924120156.0
006 a|||||r|||| 00| 0
007 ta
008 220923b |||||||| |||| 00| 0 urd d
020 _a8188413585 (hbk)
020 _c140
024 _a290723
037 _b4686, 09/03/2016, Kitabi Duniya
_cTextual
040 _aARTS
_cARTS
_burd
041 _2urd
_aurd
082 _aO168,1x, P8
100 _aBahar Amir Chand
_9181060
245 0 _aYaadon ke chirag
_b Marhoom shora ki manzoom khiraj-e-aqeedat
260 _aDelhi
_bM R Publication India
_c2008
300 _a168p.
_ccm.
650 _aURDU LITERATURE
942 _hO168,1x, P8
_cTEXL
_2CC
999 _c401597
_d401597